000 00451nas a2200157 4500
001 000037506
005 20200930080412.0
008 120420c20uu9999dr ur1p dd 0 0spa d
040 _aDO-SdBNP
_bspa
_cBNPHU
043 _anwdr
245 0 0 _aImagen energética.
260 _aSanto Domingo :
_bCorporación Dominicana de Empresas Eléctricas Estatales, (CDEEE),
_c[200?].
300 _av.- :
_bil. ;
_c29 cm.
310 _aDesconocido
362 1 _aNo. 8,
999 _c36996
_d36996